| 000 | 00402nam a22001217a 4500 | ||
|---|---|---|---|
| 082 | _a200 THE | ||
| 100 |
_aMuhammad Arslan Tariq _973250 |
||
| 245 | _aTH-SOF-1818-Service Chaining in Network Function Virtualization | ||
| 260 |
_aISLAMABAD _bNUST COLLEGE OF EME _c2020 |
||
| 650 |
_aMS-COMPUTER ENGINEERING-17 _973223 |
||
| 700 |
_aSupervisor Dr. Muhammad Umar Farooq ABSTRACT. _973251 |
||
| 942 |
_cCF _2ddc |
||
| 999 |
_c579057 _d579057 |
||